| 000 | 00973cam a2200229 4500 | ||
|---|---|---|---|
| 008 | 011112n2001 000 0 eng u | ||
| 020 | _a0117027014 | ||
| 035 | _a(Sirsi) u115565 | ||
| 050 | _a614.7026 | ||
| 100 | _aWright, C. | ||
| 245 | _aPollution control and your business | ||
| 260 |
_aLondon _bStationery Office _c2001 |
||
| 300 | _axvi, 110p. ; 24cm. | ||
| 490 | _aStationery Office You Need This Book First Series | ||
| 520 | _aSuccessive UK Governments have established a welter of legislation covering pollution in all its forms. Much of this regulation has practical application to small to medium sized businesses. This book examines each of these aspects of pollution and highlights relevant legislation and the practical issues that surround them. | ||
| 650 | _aPOLLUTION CONTROL | ||
| 650 | _aWATER POLLUTION | ||
| 650 | _aENVIRONMENTAL MANAGEMENT | ||
| 650 | _aWASTE MANAGEMENT | ||
| 690 | _aENVIRONMENTAL AND LAND CONSULTANCY | ||
| 942 | _n0 | ||
| 999 |
_c101766 _d101766 |
||